000 00431nam a2200193Ia 4500
005 20240823055928.0
008 240823s9999||||xx |||||||||||||| ||und||
041 _aENGLISH
082 _A420 N4
100 _aLakshmana Perumal N
245 0 _aEngineering English
250 _a1st
260 _c1994
_b"TMH,New Delhi"
500 _aYES
650 _aENG
_bEnglish
700 _a Lalitha.P
942 _cBK
999 _c229933
_d229933